Przystanki tramwajowe w Częstochowie - Statystyki

Ogólne statystyki
  • Ten quiz został rozwiązany 238 razy
  • Średni wynik to 24 z 36
Statystyki odpowiedzi
Lp Obsługiwane linie Nazwa przystanku % Poprawnych
11 1, 2, 3 Dworzec Główny PKP
89%
12 1, 2, 3 Dworzec PKS
88%
1 1, 2, 3 Fieldorfa-Nila
83%
4 1, 2, 3 Promenada Niemena
82%
14 1, 2, 3 Ostatni Grosz
81%
13 1, 2, 3 Rondo Mickiewicza
81%
36 3 Stadion Raków
81%
18 1, 2, 3 Estakada
80%
7 1, 2, 3 Politechnika
80%
6 1, 2, 3 Hala Polonia
77%
24 1 Kucelin - Szpital
77%
5 1, 2, 3 Polskiego Czerwonego Krzyża
77%
9 1, 2, 3 Jasnogórska
75%
8 1, 2, 3 Aleja Jana Pawła II - Uniwersytet
74%
10 1, 2, 3 II Aleja Najświętszej Maryi Panny
74%
21 2 Raków - Dworzec PKP
71%
16 1, 2, 3 Zajezdnia MPK
71%
19 1, 2 Aleja Pokoju
67%
31 3 Jesienna
66%
15 1, 2, 3 Równoległa
66%
2 1, 2, 3 Baczyńskiego
64%
17 1, 2, 3 Powstańców Śląskich
64%
3 1, 2, 3 Iwaszkiewicza
62%
20 1, 2 Plac Orląt Lwowskich
61%
28 3 Orkana - Szkoła
56%
32 3 Jesienna - Szkoła
55%
33 3 Bohaterów Katynia
53%
27 3 Bukowa
53%
26 3 Kasztanowa
53%
30 3 Sportowa
53%
34 3 Rakowska
52%
29 3 Wrzosowiak
52%
25 3 D. H. Sezam
51%
23 1 Dąbie
50%
35 3 Żarecka
49%
22 1 Rejtana
44%
Nie znaleziono quizów pasujących do podanych kryteriów
Rozkład punktacji
Procent ludzi z każdym wynikiem
Percentyl według liczby udzielonych odpowiedzi
Twoja historia wyników
Nie rozwiązałeś tego quizu